000 00526nam a2200193 a 4500
001 1769080478550
003 YourLibrary
005 20260123163857.0
008 260122s2004##################000#0#eng##
020 _a9780415300919
082 0 4 _a303.6
_bMOR
100 1 _aMoran, Leslie J.,
_eauthor.
245 1 0 _aSexuality and the Politics of Violence and Safety :
260 _bPsychology Press,
_c2004.
300 _a226 pages
650 0 _aSocial Science.
942 _cENGLISH
040 _aYourLibrary
_beng
_cYourLibrary
999 _c609079
_d609079